Good control of insect pests / (Record no. 6743)
[ view plain ]
| 000 -LEADER | |
|---|---|
| fixed length control field | 00543nam a22002057a 4500 |
| 001 - CONTROL NUMBER | |
| control field | BD-DhSAU 6743 |
| 003 - CONTROL NUMBER IDENTIFIER | |
| control field | BD-DhSAU |
| 005 - DATE AND TIME OF LATEST TRANSACTION | |
| control field | 20150513123011.0 |
| 008 - FIXED-LENGTH DATA ELEMENTS--GENERAL INFORMATION | |
| fixed length control field | 150513b1948 enka|||| |||| 001 0 eng d |
| 040 ## - CATALOGING SOURCE | |
| Original cataloging agency | BD-DhSAU |
| 082 ## - DEWEY DECIMAL CLASSIFICATION NUMBER | |
| Edition number | 22 |
| Classification number | 632 |
| Item number | JAG |
| 100 ## - MAIN ENTRY--PERSONAL NAME | |
| Personal name | Jary, S. G. |
| 245 ## - TITLE STATEMENT | |
| Title | Good control of insect pests / |
| Statement of responsibility, etc. | Sidney George Jary |
| 260 ## - PUBLICATION, DISTRIBUTION, ETC. (IMPRINT) | |
| Place of publication, distribution, etc. | London : |
| Name of publisher, distributor, etc. | Hodder and Stoughton Limited , |
| Date of publication, distribution, etc. | c1948. |
| 300 ## - PHYSICAL DESCRIPTION | |
| Extent | 216 p. : |
| Dimensions | 18 cm. |
| 504 ## - BIBLIOGRAPHY, ETC. NOTE | |
| Bibliography, etc | Includes index.<br/> |
| 590 ## - Name of Cataloguer | |
| Name of Cataloger | Jerin |
| 650 ## - SUBJECT ADDED ENTRY--TOPICAL TERM | |
| Topical term or geographic name as entry element | Entomology |
| 650 ## - SUBJECT ADDED ENTRY--TOPICAL TERM | |
| Topical term or geographic name as entry element | Insect pests. |
| 942 ## - ADDED ENTRY ELEMENTS (KOHA) | |
| Source of classification or shelving scheme | Dewey Decimal Classification |
| Koha item type | Book |
| Withdrawn status | Lost status | Source of classification or shelving scheme | Damaged status | Not for loan | Collection code | Home library | Branch Name | Shelving location | Date acquired | Total Checkouts | Full call number | Barcode | Date last seen | Price effective from | Koha item type |
|---|---|---|---|---|---|---|---|---|---|---|---|---|---|---|---|
| Dewey Decimal Classification | Not For Loan | Reference | SAU Library | SAU Library | Reference | 16/09/1998 | 632 JAG | 1043 | 13/05/2015 | 13/05/2015 | Book |
